1608 1412 1991 1697 1636 1182 1965 1531 1503 1206 1231 1988 1400 1352 1413 1497 1044 1922 1419 1663 1200 1484 1405 1484 1281 1059 1943 1165 1379 1278 1236 1813 1684 1316 1353 1157 1825 1718 1656 1139 1892 1450 1244 1175 1131 1416 1229 1649 1964 1016 1945 1870 1815 2000 1789 1408 1336 1513 1472 1205 1143 1971 1851 1286 1585 1131 1476 1298 1589 1761 1436 1057 1025 1353 1259 1100 1180 1776 1692 1847 1364 1806 1980 1130 1401 1946 1060 1609 1573 1584 1521 1235 1756 1734 1072 1724 1558 1277 1634 BCNSPRNW ULIB Ver.6.0+V

เปลี่ยนเป็นภาษาไทย

Change to English
 แสดงรายละเอียดบรรณานุกรม
  กลับหน้าหลัก

Brief Record : Get Marc (ISO 2709) : E-mail record : QR code < ปิดหน้าต่าง
LEADER : 00000nam 2200000uu 4500
001    13399111291
003     ULIB
008    110622s2552||||th 000 0 tha d
020    9789740325529
060  0 QT^b261ด133ก
100 0  ดรุณวรรณ สุขสม
245 00 การบาดเจ็บจากการกีฬา/^cดรุณวรรณ สุขสม
250    พิมพ์คร้งที่ 1
260    กรุงเทพฯ:^bศูนย์หนังสือแห่งจุฬาลงกรณ์มหาวิทยาลัย,^c2552
300    396 หน้า:^bภาพประกอบ
650  7 การบาดเจ็บจากการกีฬา
650  7 บาดแผลและบาดเจ็บ
650  7 กีฬา
710 2  จุฬาลงกรณ์มหาวิทยาลัย
945    ^p270^l0^i16626
995    กัณชพร
999    ^aใช้งานได้ทุกระบบ
รายการนี้ยังไม่มีแท็ก
คุณยังไม่ได้ล็อกอิน คุณสามารถมีกิจกรรมร่วมกับเว็บไซต์ได้ แต่ต้องล็อกอินก่อน ::
  ล็อกอิน

รายการสื่อสารสนเทศ

ลำดับที่ ประเภท เลขเรียก/บาร์โค้ด สถานที่ สถานะ
- ไม่พบข้อมูล -

รายการใกล้เคียง
    ผู้แต่ง [ดรุณวรรณ สุขสม]

    หัวเรื่อง [การบาดเจ็บจากการกีฬา]
    หัวเรื่อง [บาดแผลและบาดเจ็บ]
    หัวเรื่อง [กีฬา]

BibComment


ยังไม่เคยถูกคอมเมนท์

คอมเมนท์ทรัพยากรรายการนี้
  คอมเมนท์: การบาดเจ็บจากการก..


 Copyright 2026. Bcnsprnw @Library